<?xml version="1.0" encoding="UTF-8"?>
<record
    xmlns:xsi="http://www.w3.org/2001/XMLSchema-instance"
    xsi:schemaLocation="http://www.loc.gov/MARC21/slim http://www.loc.gov/standards/marcxml/schema/MARC21slim.xsd"
    xmlns="http://www.loc.gov/MARC21/slim">

  <leader>02319nam a2200277Ia 4500</leader>
  <controlfield tag="003">OSt</controlfield>
  <controlfield tag="005">20210825103111.0</controlfield>
  <controlfield tag="008">210310s2009    ck     fr     000 0 spa d</controlfield>
  <datafield tag="020" ind1=" " ind2=" ">
    <subfield code="a">9789589912805</subfield>
  </datafield>
  <datafield tag="040" ind1=" " ind2=" ">
    <subfield code="a">CO-JMCR</subfield>
    <subfield code="c">CO-JMCR</subfield>
  </datafield>
  <datafield tag="041" ind1="0" ind2=" ">
    <subfield code="a">spa</subfield>
  </datafield>
  <datafield tag="082" ind1="0" ind2="4">
    <subfield code="a">346.07 / </subfield>
    <subfield code="b">L672e</subfield>
    <subfield code="2">23</subfield>
  </datafield>
  <datafield tag="110" ind1="2" ind2=" ">
    <subfield code="a">Lewin &amp; Wills Abogados </subfield>
    <subfield code="9">39664</subfield>
  </datafield>
  <datafield tag="245" ind1="1" ind2="0">
    <subfield code="a">Ensayos : </subfield>
    <subfield code="b">temas de derecho tributario, cambiario, societario, inversi&#xF3;n extranjera, comercio internacional y aduanas / </subfield>
    <subfield code="c">Lewin &amp; Wills Abogados</subfield>
  </datafield>
  <datafield tag="250" ind1=" " ind2=" ">
    <subfield code="a">Primera edici&#xF3;n</subfield>
  </datafield>
  <datafield tag="260" ind1=" " ind2=" ">
    <subfield code="a">[Bogot&#xE1;] : </subfield>
    <subfield code="b">Lewin &amp; Wills Abogados, </subfield>
    <subfield code="c">2009</subfield>
  </datafield>
  <datafield tag="300" ind1=" " ind2=" ">
    <subfield code="a">439 p&#xE1;ginas ; </subfield>
    <subfield code="c">24 cm.</subfield>
  </datafield>
  <datafield tag="500" ind1=" " ind2=" ">
    <subfield code="a">Incluye notas a pie de p&#xE1;gina.</subfield>
  </datafield>
  <datafield tag="504" ind1=" " ind2=" ">
    <subfield code="a">Bibliograf&#xED;a al final de algunos cap&#xED;tulos</subfield>
  </datafield>
  <datafield tag="505" ind1="0" ind2=" ">
    <subfield code="t">Los convenios suscritos por Colombia para evitar la doble imposici&#xF3;n y prevenir la evasi&#xF3;n fiscal algunas reflexiones sobre su interpretaci&#xF3;n y aplicaci&#xF3;n pr&#xE1;ctica / </subfield>
    <subfield code="r">Alfredo Lewin Figueroa</subfield>
    <subfield code="t">R&#xE9;gimen cambiario colombiano / </subfield>
    <subfield code="r">Emilio Wills Cervantes</subfield>
    <subfield code="t">Planeaci&#xF3;n patrimonial de familias / </subfield>
    <subfield code="r">Laureano G&#xF3;mez Robayo</subfield>
    <subfield code="t">La planeaci&#xF3;n patrimonial / </subfield>
    <subfield code="r">Evans Berm&#xFA;dez Quintana</subfield>
    <subfield code="t">Reflexiones sobre ciertas &#xE1;reas involucradas en una planeaci&#xF3;n fiscal internacional / </subfield>
    <subfield code="r">Adri&#xE1;n Rodr&#xED;guez Piedrahita</subfield>
    <subfield code="t">L&#xED;mites a las facultades de la administraci&#xF3;n tributaria seg&#xFA;n la jurisprudencia / </subfield>
    <subfield code="r">Mar&#xED;a del Pilar Abella Mancera </subfield>
    <subfield code="t">Las SAS y la posibilidad de contar con sociedades a la medida / </subfield>
    <subfield code="r">Diana Vaughan Uma&#xF1;a </subfield>
    <subfield code="t">Inversi&#xF3;n extranjera en patrimonios aut&#xF3;nomos incentivos tributarios y cambiarios frente al principio de seguridad jur&#xED;dica / </subfield>
    <subfield code="r">Luz Clemencia Alfonso Hostios </subfield>
    <subfield code="t">La planeaci&#xF3;n de comercio internacional y aduanas para los proyectos de inversi&#xF3;n en Colombia / </subfield>
    <subfield code="r">Andr&#xE9;s Forero Medina</subfield>
    <subfield code="t">La problem&#xE1;tica de las multas confiscatorias en el control cambiario de la Dian / </subfield>
    <subfield code="r">Alejandra Pal&#xE1;u Van Hissenhoven</subfield>
    <subfield code="t">Principales consecuencias de la adopci&#xF3;n de normas internacionales de contabilidad en Colombia / </subfield>
    <subfield code="r">Carlos Andr&#xE9;s Ca&#xF1;&#xF3;n Boh&#xF3;rquez</subfield>
    <subfield code="t">Dualidad en materia de inversi&#xF3;n extranjera en Colombia &#xBF;fomento o desest&#xED;mulo?  / </subfield>
    <subfield code="r">Cristina Rom&#xE1;n Gait&#xE1;n</subfield>
  </datafield>
  <datafield tag="650" ind1="1" ind2="4">
    <subfield code="a">Derecho comercial</subfield>
    <subfield code="9">17156</subfield>
  </datafield>
  <datafield tag="650" ind1="2" ind2="4">
    <subfield code="a">Derecho fiscal</subfield>
    <subfield code="9">39665</subfield>
  </datafield>
  <datafield tag="650" ind1="2" ind2="4">
    <subfield code="a">Cambio exterior</subfield>
    <subfield code="x">Aspectos legales</subfield>
    <subfield code="9">39666</subfield>
  </datafield>
  <datafield tag="650" ind1="2" ind2="4">
    <subfield code="a">Comercio exterior</subfield>
    <subfield code="x">Aspectos legales</subfield>
    <subfield code="9">39667</subfield>
  </datafield>
  <datafield tag="942" ind1=" " ind2=" ">
    <subfield code="2">ddc</subfield>
    <subfield code="c">BK</subfield>
  </datafield>
  <datafield tag="999" ind1=" " ind2=" ">
    <subfield code="c">8398</subfield>
    <subfield code="d">8398</subfield>
  </datafield>
  <datafield tag="952" ind1=" " ind2=" ">
    <subfield code="0">0</subfield>
    <subfield code="1">0</subfield>
    <subfield code="2">ddc</subfield>
    <subfield code="4">0</subfield>
    <subfield code="7">0</subfield>
    <subfield code="8">NFIC</subfield>
    <subfield code="a">CPL</subfield>
    <subfield code="b">CPL</subfield>
    <subfield code="d">2018-04-15</subfield>
    <subfield code="e">Donaci&#xF3;n</subfield>
    <subfield code="o">346.07 /  L672e</subfield>
    <subfield code="p">430006370</subfield>
    <subfield code="r">2024-05-16 00:00:00</subfield>
    <subfield code="t">Ej.1</subfield>
    <subfield code="y">BK</subfield>
  </datafield>
</record>
